Understanding English grammar / (Record no. 69440)

MARC details
000 -LEADER
fixed length control field 00982cam a2200313 i 4500
001 - CONTROL NUMBER
control field vtls003273618
003 - CONTROL NUMBER IDENTIFIER
control field MY-SjTCS
005 - DATE AND TIME OF LATEST TRANSACTION
control field 20200226110606.0
008 - FIXED-LENGTH DATA ELEMENTS--GENERAL INFORMATION
fixed length control field 170926s2016 maua 001 0 eng
020 ## - INTERNATIONAL STANDARD BOOK NUMBER
International Standard Book Number 9780134014180 (hardback)
039 #9 - LEVEL OF BIBLIOGRAPHIC CONTROL AND CODING DETAIL [OBSOLETE]
Level of rules in bibliographic description 201802021819
Level of effort used to assign nonsubject heading access points shuhada
Level of effort used to assign subject headings 201802021811
Level of effort used to assign classification shuhada
-- 201709261434
-- malathy
040 ## - CATALOGING SOURCE
Description conventions rda
082 04 - DEWEY DECIMAL CLASSIFICATION NUMBER
Classification number 428.2
Item number KOL 2016
100 1# - MAIN ENTRY--PERSONAL NAME
Personal name Kolln, Martha.
9 (RLIN) 77270
245 10 - TITLE STATEMENT
Title Understanding English grammar /
Statement of responsibility, etc. Martha Kolln, Loretta Gray, Joseph Salvatore.
250 ## - EDITION STATEMENT
Edition statement Tenth edition.
264 #1 - PRODUCTION, PUBLICATION, DISTRIBUTION, MANUFACTURE, AND COPYRIGHT NOTICE
Place of production, publication, distribution, manufacture Boston :
Name of producer, publisher, distributor, manufacturer Pearson,
Date of production, publication, distribution, manufacture, or copyright notice [2016]
264 #4 - PRODUCTION, PUBLICATION, DISTRIBUTION, MANUFACTURE, AND COPYRIGHT NOTICE
Date of production, publication, distribution, manufacture, or copyright notice ©2016
300 ## - PHYSICAL DESCRIPTION
Extent xiv, 418 pages :
Other physical details illustrations ;
Dimensions 24 cm
336 ## - CONTENT TYPE
Content type term text
Source rdacontent
337 ## - MEDIA TYPE
Media type term unmediated
Source rdamedia
338 ## - CARRIER TYPE
Carrier type term volume
Source rdacarrier
500 ## - GENERAL NOTE
General note Previous ed.: 2011.
500 ## - GENERAL NOTE
General note Includes index.
650 #0 - SUBJECT ADDED ENTRY--TOPICAL TERM
Topical term or geographic name entry element English language
General subdivision Grammar.
9 (RLIN) 3013
700 1# - ADDED ENTRY--PERSONAL NAME
Personal name Gray, Loretta S.
9 (RLIN) 23227
700 1# - ADDED ENTRY--PERSONAL NAME
Personal name Salvatore, Joseph.
9 (RLIN) 77271
920 ## - Programme
Programme SLAS : 230111
Holdings
Withdrawn status Lost status Source of classification or shelving scheme Damaged status Not for loan Home library Current library Date acquired Total Checkouts Barcode Date last seen Date last checked out Copy number Uniform Resource Identifier Koha item type Public note
    Dewey Decimal Classification     Taylor's Library-TU Taylor's Library-TU 16/11/2017 3 5000171854 05/12/2019 20/06/2018 1 Floor 4, Shelf 13 , Side 1, TierNo 5, BayNo 2 Main Collection SLASx,13004,03,RA